LDR 00862naa#a2200193#i#450# 001 EN\INFRA-M\bibl\126775 005 20260705162447.7 011 ## _a2305-7807 100 ## _a20260430b2026####ek#y0engy0150####ca 102 ## _aRU 200 1# _aA DIAGNOSTIC METHODOLOGY FOR PROFESSIONAL BURNOUT OF PERSONNEL IN INNOVATIVE IT ORGANIZATIONS IN A REMOTE WORK CONTEXT _eJournal article 210 1# _aMoscow _cINFRA-M Academic Publishing LLC. _d2026 215 ## _a7 с. 608 ## _aJournal article _2local 675 ## _aИзучение проблемы организации: методология, анализ, синтез, классификация и таксономия (теория, основы), систематизация в целом. 005 _z 700 #1 _aEgorova _gE. A. 700 #1 _aSinyavina _gMariya Pavlovna 700 #1 _aBaranova _gTatiana Igorevna 856 4# _azh-szf.ru _u